| 000 | 00632nam a22001817a 4500 | ||
|---|---|---|---|
| 005 | 20150728142619.0 | ||
| 010 | _aENG-113180 | ||
| 020 |
_c995.00 _a9788180388248 |
||
| 035 | _aEN-96712 | ||
| 037 | _bDBAD/PUB | ||
| 082 | _a344.540102638 | ||
| 245 |
_aLLJ's labour law journal digest 2011-2012 : _cedited by R. Venkataraman...[et al] _bwith equivalent citations / |
||
| 260 |
_bLexisNexis _c2012 _aGurgaon |
||
| 270 |
_bGurgaon _e122002 _a14th Floor, Building NO.10, Tower-B, DLF Cyber City, Phase-II, |
||
| 300 |
_alxxx,864p. _c25cm(Hb) |
||
| 700 | _aVenkataraman, R. | ||
| 942 |
_2ddc _cEN _mLLJ _h344.540102638 |
||
| 999 |
_c94060 _d94060 |
||